00387nam a2200133Ia 4500008004100000020006000041041000800101082001200109100002300121245003500144260003600179300002400215650001400239180314s9999 xx 000 0 und d a0716721708 (hardcover) : | 9781464135385 | 0716721716 : aeng a545 HAR aHarris, Daniel C., 0aQuantitative chemical analysis aW.H. Freeman,bNew York :c1991 axv, 782, [106] p. : achemistry